2012-2013 NBA Statistical Leaders - Statistics

General Stats
  • This quiz has been taken 118 times
  • The average score is 26 of 59
Answer Stats
Answer % Correct
LeBron James
99%
Stephen Curry
95%
Kevin Durant
93%
Dwyane Wade
89%
Russell Westbrook
87%
Kobe Bryant
86%
Dwight Howard
83%
Chris Paul
82%
Carmelo Anthony
79%
James Harden
79%
Tim Duncan
78%
Klay Thompson
74%
DeAndre Jordan
73%
Blake Griffin
71%
Pau Gasol
67%
Paul Pierce
67%
Tony Parker
67%
Danny Green
66%
Rajon Rondo
64%
Damian Lillard
62%
Anthony Davis
61%
Paul George
60%
Joakim Noah
51%
DeMarcus Cousins
49%
Deron Williams
47%
Serge Ibaka
47%
LaMarcus Aldridge
46%
Tyson Chandler
43%
Josh Smith
39%
Brook Lopez
38%
Kemba Walker
36%
Kyle Korver
36%
Zach Randolph
36%
Mike Conley
35%
Al Horford
32%
Andre Iguodala
29%
Roy Hibbert
28%
Jrue Holiday
25%
David Lee
24%
Nikola Vucevic
24%
Monta Ellis
22%
Carlos Boozer
21%
Ricky Rubio
20%
Thaddeus Young
16%
Reggie Evans
15%
Goran Dragic
13%
JaVale McGee
13%
Ryan Anderson
13%
Brandon Jennings
12%
Kenneth Faried
12%
Nicolas Batum
12%
Jameer Nelson
9%
Larry Sanders
8%
Jose Calderon
7%
Omer Asik
7%
J.J. Hickson
5%
Bismack Biyombo
3%
Greivis Vasquez
2%
Randy Foye
1%
No matching quizzes found
Score Distribution
Percent of People with Each Score
Percentile by Number Answered
Your Score History
You have not taken this quiz